|
|
|
|
| LEADER |
00000nam a2200000 a 4500 |
| 001 |
vtls001349390 |
| 003 |
SK-MaSNL |
| 005 |
20260301010313.0 |
| 008 |
240318s1989 xx 0 und |
| 035 |
|
|
|a SNK000302695
|
| 040 |
|
|
|a SNK
|b slo
|c SNK
|e AACR2
|
| 100 |
1 |
|
|a Šabršula, Jan,
|d 1918-
|4 aut
|9 122771
|
| 245 |
1 |
0 |
|a Les especes de relation
|b Nové kapitoly z rozboru moderní francouzštiny
|
| 260 |
|
|
|a Paha
|b Slovenské pedagogické nakladateľstvo
|c 1989
|
| 300 |
|
|
|a 307 s.
|
| 958 |
|
|
|a OND
|
| 999 |
|
|
|c 547718
|d 549648
|
| 952 |
|
|
|t P60, <04>, [BOOK], {604}
|a SNK
|b SNK
|y VYP
|7 0
|p 17A0170535
|o snkIB 55020/4 D1
|0 0
|1 1
|4 0
|d 1998-11-23
|l 0
|r 2005-01-02 00:00:00
|w 2026-02-23
|